000 00462nam a2200181Ia 4500
001 10262
005 20260306161819.0
008 260306t1988||||xx |||||||||||||| ||spa||
041 _aESP
082 _a910.4
_bL11
100 _aOrtiz Sotelo, Jorge
_eAUT
245 0 _aLa fragata amazonas y su viaje alrededor del mundo 1856-1858
260 _c1988
300 _axii, 195 páginas :
_c20 cm.
650 _aGEN
654 _aCHU
942 _cLIB
_dJUS
_fJUS
_2ddc
_n
999 _c10262
_d10262